[Event "Team men HL chess"]
[Site "?"]
[Date "2015.05.05"]
[Round "5.4"]
[White "Demidov, Mikhail"]
[Black "Airapetian, Gor"]
[Result "1/2-1/2"]
[WhiteElo "2513"]
[BlackElo "2439"]
[PlyCount "90"]
[EventDate "2015.05.01"]

1. e4 c6 2. d4 d5 3. f3 dxe4 4. fxe4 e5 5. Nf3 Bg4 6. Bc4 Nd7 7. O-O Ngf6 8.
Qe1 Qb6 9. Nbd2 Bd6 10. h3 Bh5 11. Bd3 Qc7 12. c3 O-O 13. Nc4 Rfe8 14. Bg5 Bg6
15. Bxf6 gxf6 16. Qg3 Kh8 17. Rad1 Rad8 18. Bc2 b5 19. Nxd6 Qxd6 20. Rf2 Qe7
21. Rfd2 exd4 22. Rxd4 Nc5 23. Rxd8 Rxd8 24. Rxd8+ Qxd8 25. Qf4 Kg7 26. Qe3 Qb6
27. Nd2 Qd8 28. Nf1 Qe7 29. Ng3 a5 30. Kf2 Qe5 31. Nf5+ Kf8 32. Qd4 Bxf5 33.
exf5 Ke7 34. b3 Nd7 35. Be4 c5 36. Qxe5+ fxe5 37. Bc6 b4 38. c4 Nf6 39. g4 h6
40. Ke3 Kd6 41. Bf3 Nh7 42. Bd5 f6 43. h4 Ke7 44. Ke4 Kd6 45. Bb7 Nf8 1/2-1/2

[Event "Team men HL chess"]
[Site "?"]
[Date "2015.05.05"]
[Round "5.4"]
[White "Domogaev, Sergey"]
[Black "Chekhov, Sergei"]
[Result "1/2-1/2"]
[WhiteElo "2489"]
[BlackElo "2480"]
[PlyCount "106"]
[EventDate "2015.05.01"]

1. d4 Nf6 2. c4 e6 3. Nc3 Bb4 4. e3 c5 5. Nge2 d5 6. a3 Ba5 7. cxd5 cxd4 8.
Qa4+ Bd7 9. Qxd4 exd5 10. b4 Nc6 11. Qd2 Bb6 12. Bb2 d4 13. exd4 O-O 14. Na4
Re8 15. Nxb6 Qxb6 16. f3 a5 17. b5 Qxb5 18. Kf2 Rad8 19. Nc3 Qb6 20. Na4 Qa7
21. Bb5 Nxd4 22. Qxd4 Qxd4+ 23. Bxd4 Bxb5 24. Bxf6 gxf6 25. Nc3 Rd2+ 26. Kg3
Bc6 27. Rhd1 Red8 28. Rxd2 Rxd2 29. Ne4 Bxe4 30. fxe4 a4 31. h4 Rb2 32. Kf3 Kf8
33. g3 Rb3+ 34. Kf4 b5 35. Ra2 Ke7 36. Ra1 Ke6 37. g4 h6 38. Ra2 Kd6 39. Ra1
Ke6 40. h5 Kd7 41. Ra2 Rh3 42. Ra1 Kd6 43. Ra2 Kc5 44. e5 Kd5 45. Rd2+ Ke6 46.
Rd6+ Ke7 47. Rxf6 Rxa3 48. Rxh6 Ra1 49. Ra6 a3 50. h6 b4 51. h7 Rh1 52. Ra4
Rxh7 53. Rxb4 Rh2 1/2-1/2

[Event "Team men HL chess"]
[Site "?"]
[Date "2015.05.05"]
[Round "5.4"]
[White "Pasiev, Rakhim"]
[Black "Pogosian, Manvel"]
[Result "1/2-1/2"]
[WhiteElo "2400"]
[BlackElo "2378"]
[PlyCount "116"]
[EventDate "2015.05.01"]

1. e4 c6 2. d4 d5 3. e5 Bf5 4. Nf3 e6 5. Be2 c5 6. Be3 Nc6 7. O-O Bg4 8. c3
Bxf3 9. Bxf3 cxd4 10. cxd4 Nge7 11. Bg4 Nc8 12. Nc3 Be7 13. f4 g6 14. Kh1 Nb6
15. Be2 h5 16. Rc1 Rc8 17. Na4 Nc4 18. Bxc4 dxc4 19. Nc5 b6 20. Ne4 Nb4 21.
Qa4+ Qd7 22. Qxb4 Bxb4 23. Nf6+ Ke7 24. Nxd7 Kxd7 25. Rfd1 Rhd8 26. Kg1 b5 27.
a3 Be7 28. d5 exd5 29. Bxa7 Kc6 30. Bd4 b4 31. axb4 Bxb4 32. f5 Bc5 33. fxg6
fxg6 34. b3 Kb5 35. Bxc5 Kxc5 36. Rc2 Re8 37. Kf2 Rxe5 38. bxc4 Rf8+ 39. Kg3
dxc4 40. Rd7 Rg5+ 41. Kh3 Rf4 42. Rc7+ Kb4 43. Rb7+ Kc5 44. Rc7+ Kd5 45. Rd2+
Ke6 46. Rc6+ Ke5 47. Rc5+ Kf6 48. Rc6+ Kg7 49. g3 Re4 50. Rc7+ Kh6 51. Rd8 Rf5
52. Rd2 Rg5 53. Rd8 Rgg4 54. Rh8+ Kg5 55. Rc5+ Kf6 56. Rhc8 Rd4 57. R8c7 Rge4
58. R5c6+ Re6 1/2-1/2

[Event "Team men HL chess"]
[Site "?"]
[Date "2015.05.05"]
[Round "5.4"]
[White "Kalugin, Sergey G"]
[Black "Vastrukhin, Oleg"]
[Result "0-1"]
[WhiteElo "2389"]
[BlackElo "2386"]
[PlyCount "58"]
[EventDate "2015.05.01"]

1. d4 g6 2. e4 c6 3. Nc3 Bg7 4. Bc4 d5 5. exd5 b5 6. Bb3 b4 7. Nce2 cxd5 8. a3
bxa3 9. Rxa3 Nf6 10. Nf3 O-O 11. h3 Nc6 12. O-O Na5 13. Ba4 Nc4 14. Ra2 Qb6 15.
Nf4 e6 16. Nd3 Ne4 17. c3 a5 18. Qc2 Ba6 19. Bf4 f6 20. Re1 e5 21. Bh2 Rac8 22.
Bb3 exd4 23. Nxd4 f5 24. Nf3 Kh8 25. Ba4 Ncd2 26. Re2 Nxf3+ 27. gxf3 Ng5 28.
Kg2 d4 29. Be5 Qb7 0-1

[Event "Team men HL chess"]
[Site "?"]
[Date "2015.05.05"]
[Round "5.5"]
[White "Gabrielian, Artur"]
[Black "Panarin, Mikhail"]
[Result "1/2-1/2"]
[WhiteElo "2562"]
[BlackElo "2560"]
[PlyCount "41"]
[EventDate "2015.05.01"]

1. Nf3 Nf6 2. g3 g6 3. Bg2 Bg7 4. O-O O-O 5. d4 d5 6. c3 c6 7. Nbd2 Bf5 8. Re1
Re8 9. a4 a5 10. Nh4 Be6 11. e4 dxe4 12. Nxe4 Nxe4 13. Bxe4 Bd5 14. Bxd5 Qxd5
15. Ng2 Nd7 16. Ne3 Qd6 17. Nc4 Qd5 18. Ne3 Qd6 19. Nc4 Qd5 20. Ne3 Qd6 21. Nc4
1/2-1/2

[Event "Team men HL chess"]
[Site "?"]
[Date "2015.05.05"]
[Round "5.5"]
[White "Bryzgalin, Kirill"]
[Black "Rozhko, Dmitry"]
[Result "1-0"]
[WhiteElo "2450"]
[BlackElo "2334"]
[PlyCount "91"]
[EventDate "2015.05.01"]

1. c4 c6 2. Nf3 d5 3. e3 Nf6 4. b3 Bg4 5. Bb2 e6 6. d3 Nbd7 7. Nbd2 Bd6 8. Be2
O-O 9. O-O e5 10. cxd5 cxd5 11. e4 Re8 12. h3 Bxf3 13. Bxf3 Nc5 14. Qb1 d4 15.
g3 b5 16. a3 Qd7 17. Kh2 h5 18. Bd1 Ne6 19. Kg2 g6 20. Nf3 Rec8 21. Bc1 Qe7 22.
Bd2 Nd7 23. b4 Kg7 24. Bb3 Ndf8 25. Rc1 Rc7 26. Rxc7 Qxc7 27. Qa2 Rc8 28. a4 a6
29. axb5 axb5 30. Qa7 Qxa7 31. Rxa7 Nc7 32. Ng5 f6 33. Nf7 Be7 34. f4 Nd7 35.
h4 Nb8 36. fxe5 Nc6 37. exf6+ Bxf6 38. Rb7 Be7 39. Bh6+ Kh7 40. Bf4 Na6 41.
Ng5+ Kg7 42. Ne6+ Kh8 43. Nxd4 Naxb4 44. Nxc6 Nxc6 45. Be6 Ra8 46. Bd5 1-0

[Event "Team men HL chess"]
[Site "?"]
[Date "2015.05.05"]
[Round "5.5"]
[White "Bykov, Egor"]
[Black "Lugovskoy, Maxim"]
[Result "0-1"]
[WhiteElo "2245"]
[BlackElo "2435"]
[PlyCount "74"]
[EventDate "2015.05.01"]

1. d4 Nf6 2. Nf3 g6 3. Bg5 Bg7 4. Nbd2 d5 5. e3 O-O 6. Be2 c5 7. c3 b6 8. O-O
Nc6 9. Qb3 Bf5 10. Rfd1 c4 11. Qa3 b5 12. Ne5 Nb8 13. Nf1 Re8 14. Ng3 Ne4 15.
Bh4 Nxg3 16. Bxg3 Qb6 17. b3 Nc6 18. Nxc6 Qxc6 19. Qb2 Rec8 20. Rdc1 a5 21. a3
Ra6 22. Ra2 Rb6 23. b4 Ra8 24. Rca1 Rba6 25. Bd1 e6 26. a4 axb4 27. axb5 bxc3
28. Qb4 Rxa2 29. Rxa2 Qb7 30. Rxa8+ Qxa8 31. Qxc3 Qa2 32. Qc1 Qa5 33. Be2 Qxb5
34. Bd6 h5 35. h4 Qb3 36. Qa3 Qb1+ 37. Kh2 Qe1 0-1

[Event "Team men HL chess"]
[Site "?"]
[Date "2015.05.05"]
[Round "5.5"]
[White "Kudelya, Igor"]
[Black "Nechaev, Oleg"]
[Result "1/2-1/2"]
[WhiteElo "2256"]
[BlackElo "2339"]
[PlyCount "82"]
[EventDate "2015.05.01"]

1. e4 c5 2. Ne2 Nc6 3. d4 cxd4 4. Nxd4 Qb6 5. Nb3 Nf6 6. Nc3 e6 7. Qe2 Bb4 8.
Bd2 O-O 9. O-O-O d5 10. exd5 Nxd5 11. Nxd5 Bxd2+ 12. Qxd2 exd5 13. Kb1 Be6 14.
Nd4 Rac8 15. Nxe6 fxe6 16. f4 Na5 17. g3 Nc4 18. Bxc4 Rxc4 19. Rhe1 Rfc8 20.
Re2 Rxc2 21. Qxc2 Rxc2 22. Rxc2 Kf7 23. a3 h5 24. Rd3 a5 25. f5 Kf6 26. fxe6
Kxe6 27. Re2+ Kd6 28. Red2 Qg1+ 29. Ka2 Qc5 30. Rc3 Qb5 31. h4 a4 32. Rd4 Qe8
33. Rcd3 Qc6 34. g4 g6 35. gxh5 gxh5 36. Rb4 b5 37. Rg3 Qe8 38. Rg5 Kc5 39. Rf5
Qg6 40. Rg5 Qf7 41. Ka1 Qf1+ 1/2-1/2

[Event "Team men HL chess"]
[Site "?"]
[Date "2015.05.05"]
[Round "5.6"]
[White "Golubov, Saveliy"]
[Black "Sychev, Klementy"]
[Result "1-0"]
[WhiteElo "2370"]
[BlackElo "2425"]
[PlyCount "63"]
[EventDate "2015.05.01"]

1. e4 e6 2. d4 d5 3. Nc3 Nf6 4. Bg5 dxe4 5. Nxe4 Be7 6. Bxf6 gxf6 7. Nf3 f5 8.
Nc3 a6 9. g3 b5 10. Bg2 Bb7 11. O-O c5 12. d5 b4 13. dxe6 bxc3 14. exf7+ Kf8
15. Qc1 Bf6 16. bxc3 Be4 17. Qh6+ Kxf7 18. Rad1 Qg8 19. Qf4 Ra7 20. Bh3 Qg6 21.
Ne5+ Bxe5 22. Qxe5 Re7 23. Qf4 Qf6 24. f3 Bxc2 25. Rd2 Qxc3 26. Rc1 Qe3+ 27.
Qxe3 Rxe3 28. Rcxc2 Rxf3 29. Rxc5 Re8 30. Bxf5 Rfe3 31. Bxh7 Re1+ 32. Kf2 1-0

[Event "Team men HL chess"]
[Site "?"]
[Date "2015.05.05"]
[Round "5.6"]
[White "Alikulov, Elbek"]
[Black "Ivanov, Alexander Al"]
[Result "1-0"]
[WhiteElo "2407"]
[BlackElo "2420"]
[PlyCount "75"]
[EventDate "2015.05.01"]

1. e4 d6 2. d4 Nf6 3. Nc3 e5 4. Nf3 Nbd7 5. Rg1 c6 6. g4 g6 7. Be3 Qc7 8. g5
Nh5 9. Qd2 Be7 10. O-O-O a6 11. h4 b5 12. Kb1 O-O 13. Nh2 f5 14. exf5 gxf5 15.
Qe2 Ng7 16. h5 f4 17. Bc1 d5 18. h6 Ne8 19. Qh5 Kh8 20. Nf3 e4 21. Nh4 Ndf6 22.
gxf6 Nxf6 23. Qe2 f3 24. Nxf3 exf3 25. Qxf3 Ne4 26. Qg2 Nxc3+ 27. bxc3 Bf6 28.
Bd3 Be6 29. Rde1 Rae8 30. Ba3 b4 31. Bxb4 Rb8 32. Rxe6 a5 33. Qf3 Bxd4 34.
Qxf8+ Rxf8 35. Bxf8 Qb8+ 36. Kc1 Qf4+ 37. Kd1 Qf3+ 38. Be2 1-0

[Event "Team men HL chess"]
[Site "?"]
[Date "2015.05.05"]
[Round "5.6"]
[White "Khoroshilov, Nikita"]
[Black "Vdovin, Vadim"]
[Result "1/2-1/2"]
[WhiteElo "2263"]
[BlackElo "2375"]
[PlyCount "111"]
[EventDate "2015.05.01"]

1. Nf3 Nf6 2. g3 g6 3. Bg2 Bg7 4. O-O O-O 5. d3 d5 6. Nbd2 c5 7. e4 Nc6 8. Re1
e6 9. c3 a5 10. a4 b6 11. exd5 exd5 12. Nf1 h6 13. Bf4 Nh5 14. Ne5 Ne7 15. Bd2
Nf6 16. h4 Ba6 17. Qf3 Kh7 18. Nh2 Ra7 19. Nhg4 Nxg4 20. Nxg4 d4 21. c4 Bb7 22.
Qf4 Bxg2 23. Kxg2 Ng8 24. h5 Kh8 25. hxg6 fxg6 26. Qe4 Kh7 27. Bf4 Raf7 28. Re2
Re7 29. Ne5 Qe8 30. Rae1 Rf6 31. Bd2 Rfe6 32. f4 Nf6 33. Qf3 Nd7 34. Qg4 Nxe5
35. fxe5 Rxe5 36. Rxe5 Rxe5 37. Rxe5 Qxe5 38. Bf4 Qe1 39. Qf3 Qb4 40. Qb7 Qxb2+
41. Kh3 Qe2 42. Qxb6 g5 43. Bc7 g4+ 44. Kh4 Qxd3 45. Qxc5 Qg6 46. Bd8 Qe4 47.
Qd5 Qf3 48. Qxa5 d3 49. Qe1 Qf5 50. Qe3 Qd7 51. Qe4+ Kh8 52. Ba5 d2 53. Bxd2
Qxd2 54. Qe8+ Kh7 55. Qe4+ Kh8 56. Qe8+ 1/2-1/2

[Event "Team men HL chess"]
[Site "?"]
[Date "2015.05.05"]
[Round "5.6"]
[White "Alagulian, Kamo"]
[Black "Ananikian, Andrey"]
[Result "1-0"]
[WhiteElo "2294"]
[BlackElo "2118"]
[PlyCount "107"]
[EventDate "2015.05.01"]

1. c4 c6 2. g3 d5 3. Bg2 Nf6 4. Nf3 Bf5 5. O-O e6 6. Qb3 Qb6 7. d3 h6 8. Be3
Qxb3 9. axb3 Na6 10. Nd4 Kd7 11. Nxf5 exf5 12. Nc3 dxc4 13. dxc4 Nc5 14. Rfd1+
Ke6 15. b4 Nce4 16. b5 a5 17. Nxe4 Nxe4 18. bxc6 bxc6 19. Rd4 Bb4 20. Bxe4 fxe4
21. Rxe4+ Kf5 22. Rf4+ Kg6 23. Bb6 Rhe8 24. Kf1 Rab8 25. c5 Rb7 26. Rd4 Re6 27.
e3 f5 28. Ke2 Kf7 29. Kd3 Ke7 30. Kc4 Re5 31. Rad1 Re6 32. Rd8 Re4+ 33. R1d4
Rxd4+ 34. Rxd4 Rd7 35. f3 g6 36. g4 fxg4 37. Rxg4 Kf6 38. Rf4+ Ke7 39. Re4+ Kf7
40. Rd4 Ke6 41. b3 Be1 42. h3 Bb4 43. Bd8 Rxd4+ 44. exd4 Be1 45. Bc7 h5 46. Bf4
Bb4 47. Bc1 Be1 48. Bb2 Bh4 49. Bc3 Bd8 50. d5+ cxd5+ 51. Kb5 d4 52. Bxd4 Kd5
53. Bc3 Be7 54. c6 1-0

[Event "Team men HL chess"]
[Site "?"]
[Date "2015.05.05"]
[Round "5.7"]
[White "Rodchenkov, Sergey D"]
[Black "Ponomarenko, Alexandr"]
[Result "1/2-1/2"]
[WhiteElo "2355"]
[BlackElo "2234"]
[PlyCount "70"]
[EventDate "2015.05.01"]

1. d4 Nf6 2. Nf3 e6 3. c4 d5 4. Nc3 Be7 5. Bf4 c6 6. e3 O-O 7. h3 Nbd7 8. Rc1
a6 9. c5 Ne4 10. Bd3 f5 11. O-O Bf6 12. Bh2 Qe8 13. Qb3 Kh8 14. Na4 e5 15. dxe5
Nxe5 16. Bxe5 Bxe5 17. Nb6 Rb8 18. Nxc8 Rxc8 19. Nxe5 Qxe5 20. Qxb7 a5 21. Rc2
f4 22. exf4 Qxf4 23. Bxe4 Qxe4 24. Qb3 Rf6 25. Rd2 Re8 26. Qc3 Rg6 27. f3 Qh4
28. Kh1 Re1 29. Qd3 Rge6 30. Rd1 R1e2 31. Rd2 Re1 32. Rd1 R1e2 33. Rd2 Re1 34.
Rd1 R1e2 35. Rd2 Re1 1/2-1/2

[Event "Team men HL chess"]
[Site "?"]
[Date "2015.05.05"]
[Round "5.7"]
[White "Dulenko, Maxim"]
[Black "Gerasimov, Ivan"]
[Result "1-0"]
[WhiteElo "2140"]
[BlackElo "2329"]
[PlyCount "79"]
[EventDate "2015.05.01"]

1. e4 c5 2. Nf3 d6 3. c3 Nf6 4. h3 g6 5. Bd3 Bg7 6. O-O O-O 7. Re1 a6 8. Bc2 b5
9. d4 Bb7 10. Bg5 h6 11. Bxf6 Bxf6 12. Qe2 Nd7 13. Nbd2 cxd4 14. cxd4 Rc8 15.
Rac1 Bg7 16. b4 e6 17. Nb3 Qe7 18. a3 Nb6 19. Bd3 Ba8 20. Qd2 Qa7 21. h4 Rxc1
22. Rxc1 Nc4 23. Qa2 f5 24. Qe2 Qf7 25. exf5 exf5 26. Bxc4 bxc4 27. Nbd2 Bxf3
28. Nxf3 Rc8 29. a4 Qd5 30. b5 axb5 31. axb5 c3 32. b6 Kh7 33. Qa6 Qc6 34. Qa7
Ra8 35. Rxc3 Rxa7 36. Rxc6 Ra1+ 37. Kh2 d5 38. b7 Rb1 39. Rc7 g5 40. h5 1-0

[Event "Team men HL chess"]
[Site "?"]
[Date "2015.05.05"]
[Round "5.7"]
[White "Torbin, Kirill"]
[Black "Zherebtsova, Alexandra"]
[Result "1-0"]
[WhiteElo "2372"]
[BlackElo "2184"]
[PlyCount "139"]
[EventDate "2015.05.01"]

1. d4 d5 2. c4 c6 3. Qc2 dxc4 4. Qxc4 Nf6 5. Nf3 Bf5 6. g3 e6 7. Bg2 Be7 8. O-O
Nbd7 9. Nc3 O-O 10. e3 Qc7 11. Qe2 Ne4 12. Ne1 Nxc3 13. bxc3 e5 14. e4 Be6 15.
Nc2 Nb6 16. Rd1 Bc4 17. Qe1 Rad8 18. Be3 Be6 19. f3 Nc4 20. Bf2 Qa5 21. Bf1 Na3
22. Nxa3 Bxa3 23. Qd2 Rd7 24. Qc2 Rfd8 25. Rd2 b5 26. Rdd1 a6 27. Be2 Qc7 28.
Rab1 h6 29. Be3 f6 30. Bf1 Kh8 31. Qf2 Qd6 32. Qc2 Qe7 33. Bf2 Qf7 34. Ra1 f5
35. Re1 fxe4 36. fxe4 Qf6 37. Be3 Rf8 38. Bg2 Bc4 39. Rad1 Qe6 40. Ra1 Rdf7 41.
Rad1 exd4 42. Bxd4 b4 43. Qa4 Bb5 44. Qb3 Qxb3 45. axb3 bxc3 46. Bxc3 Bc5+ 47.
Bd4 Bxd4+ 48. Rxd4 Rf2 49. b4 Re2 50. Rxe2 Bxe2 51. e5 Re8 52. Re4 Bb5 53. e6
g6 54. Kf2 Kg7 55. Ke3 c5 56. Bh3 cxb4 57. Rxb4 g5 58. Ke4 Kf6 59. Rb2 Ke7 60.
Ke5 Rc8 61. Rf2 Rc5+ 62. Kd4 Rc4+ 63. Kd5 Rc1 64. Rf7+ Ke8 65. Bg4 Rc2 66. h3
Rd2+ 67. Ke5 Rd3 68. Bh5 Re3+ 69. Kf6 Re1 70. Rd7+ 1-0

[Event "Team men HL chess"]
[Site "?"]
[Date "2015.05.05"]
[Round "5.7"]
[White "Kayukov, Kirill"]
[Black "Bakunin, Damir"]
[Result "1-0"]
[WhiteElo "2071"]
[BlackElo "1990"]
[PlyCount "117"]
[EventDate "2015.05.01"]

1. e4 c5 2. c4 Nc6 3. Nc3 d6 4. g3 Nf6 5. Bg2 Bg4 6. f3 Bd7 7. Nge2 Nd4 8. d3
h6 9. a3 Qb6 10. Nxd4 cxd4 11. Ne2 e5 12. b4 Be7 13. O-O g5 14. Bd2 Kf8 15. a4
Kg7 16. a5 Qc7 17. f4 gxf4 18. gxf4 Bg4 19. Qe1 Rag8 20. Ng3 Kf8 21. Kh1 Nh5
22. Nxh5 Bxh5 23. Qf2 Rg7 24. Bf3 Bxf3+ 25. Qxf3 Ke8 26. Qh5 Rhg8 27. Rf2 Qd7
28. fxe5 dxe5 29. Raf1 Qg4 30. Qxg4 Rxg4 31. Rxf7 Rg1+ 32. Rxg1 Rxg1+ 33. Kxg1
Kxf7 34. b5 a6 35. Kf1 Ba3 36. Ke2 h5 37. h3 Ke6 38. Kd1 Be7 39. Kc2 Kd7 40.
Kb3 Kc7 41. Bb4 Bd8 42. Bf8 Bg5 43. Ka4 Bd2 44. c5 Bf4 45. Kb4 Bd2+ 46. Kc4
Bxa5 47. Bd6+ Kc8 48. Bxe5 Bd2 49. Bxd4 Kc7 50. bxa6 bxa6 51. Bc3 Bh6 52. Ba5+
Kc6 53. d4 Bf4 54. d5+ Kd7 55. Bc3 Bg3 56. e5 Bf4 57. c6+ Kc7 58. Ba5+ Kc8 59.
d6 1-0

[Event "Team men HL chess"]
[Site "?"]
[Date "2015.05.05"]
[Round "5.8"]
[White "Musalov, Ruslan"]
[Black "Smirnov, Timofey"]
[Result "0-1"]
[WhiteElo "2352"]
[BlackElo "2338"]
[PlyCount "78"]
[EventDate "2015.05.01"]

1. Nf3 Nf6 2. d4 e6 3. e3 b6 4. Bd3 Bb7 5. Nbd2 c5 6. O-O Be7 7. b3 O-O 8. Bb2
Nc6 9. a3 Rc8 10. Qe2 cxd4 11. exd4 Qc7 12. Rac1 Nd5 13. g3 Nb8 14. c4 Nf6 15.
Bb1 d6 16. Ng5 Nbd7 17. f4 Rfe8 18. Ndf3 h6 19. Nxe6 fxe6 20. Qxe6+ Kh8 21. d5
Nf8 22. Qe2 Bd8 23. Qd3 Qe7 24. Rce1 Qf7 25. Nh4 b5 26. Nf5 bxc4 27. bxc4 Bb6+
28. Kg2 Bc5 29. Nxh6 gxh6 30. Qf5 N8h7 31. g4 Rxe1 32. Rxe1 Kg8 33. Re6 Re8 34.
Kf1 Bc8 35. Rxe8+ Qxe8 36. Qd3 Bxg4 37. h3 Bh5 38. Qg3+ Kf8 39. Bxh7 Qe2# 0-1

[Event "Team men HL chess"]
[Site "?"]
[Date "2015.05.05"]
[Round "5.8"]
[White "Tarasov, Alexandr"]
[Black "Nazaretyan, Tigran"]
[Result "1-0"]
[WhiteElo "2261"]
[BlackElo "2202"]
[PlyCount "109"]
[EventDate "2015.05.01"]

1. d4 d6 2. Nf3 Nf6 3. g3 c5 4. dxc5 Qa5+ 5. Nc3 Qxc5 6. Bg2 e6 7. O-O a6 8.
Bg5 Nbd7 9. Qd3 Qc7 10. Rad1 h6 11. Bf4 e5 12. Be3 b5 13. Nh4 Bb7 14. Nf5 Bxg2
15. Kxg2 b4 16. Nd5 Qb7 17. f3 Rd8 18. Qxa6 Qb8 19. Qc6 Nxd5 20. Rxd5 Rc8 21.
Nxd6+ Bxd6 22. Qxd6 Qxd6 23. Rxd6 Rxc2 24. Rfd1 Rc7 25. Bb6 Rb7 26. Ba5 Rh7 27.
b3 Nb8 28. R1d5 Ke7 29. Rb6 Rxb6 30. Bxb6 Nc6 31. Bc5+ Ke8 32. Rd6 Nb8 33. Bxb4
Nd7 34. a4 Kd8 35. Ba5+ Ke7 36. Rd3 Rh8 37. Bb4+ Kd8 38. Bd6 Re8 39. e4 Re6 40.
b4 Kc8 41. a5 Kb7 42. b5 g6 43. Bb4 Nb8 44. Bc5 f5 45. a6+ Nxa6 46. bxa6+ Rxa6
47. Rd6 Ra2+ 48. Bf2 Re2 49. Rxg6 fxe4 50. fxe4 Rxe4 51. Rxh6 Kc7 52. Kf3 Ra4
53. Re6 Ra3+ 54. Be3 Ra2 55. h4 1-0

[Event "Team men HL chess"]
[Site "?"]
[Date "2015.05.05"]
[Round "5.8"]
[White "Shandrygin, Nikita"]
[Black "Payanidi, Janis"]
[Result "1-0"]
[WhiteElo "2187"]
[BlackElo "2264"]
[PlyCount "101"]
[EventDate "2015.05.01"]

1. e4 c5 2. Nf3 d6 3. d4 cxd4 4. Nxd4 Nf6 5. Nc3 a6 6. h3 e5 7. Nde2 Be6 8. g4
Nc6 9. Bg2 h6 10. a4 g5 11. Ng3 Ne7 12. O-O Ng6 13. Nf5 Nf4 14. Bxf4 gxf4 15.
Qd3 Qc7 16. Rfd1 Rd8 17. Nd5 Nxd5 18. exd5 Bxf5 19. Qxf5 Rg8 20. Qe4 h5 21. Bf3
Rc8 22. c3 Qd7 23. Kf1 Rc7 24. Ke2 b5 25. Qd3 hxg4 26. Bxg4 Rxg4 27. hxg4 Qxg4+
28. Kd2 Qg2 29. axb5 Qxf2+ 30. Kc1 Rb7 31. Rxa6 Qc5 32. Ra8+ Ke7 33. Qh7 Qe3+
34. Kb1 Qg3 35. Qh8 Qg6+ 36. Ka2 Qh6 37. Qxh6 Bxh6 38. c4 f3 39. Ra3 e4 40. Re1
f5 41. Rxf3 Bd2 42. Re2 e3 43. Rxf5 Ra7+ 44. Kb3 Ra1 45. Rf3 Kd7 46. Rfxe3 Bxe3
47. Rxe3 Rg1 48. Kb4 Rg2 49. b3 Kc7 50. Re6 Rg3 51. b6+ 1-0

[Event "Team men HL chess"]
[Site "?"]
[Date "2015.05.05"]
[Round "5.8"]
[White "Kovalev, Egor"]
[Black "Basiev, V P."]
[Result "1-0"]
[WhiteElo "2127"]
[BlackElo "2012"]
[PlyCount "67"]
[EventDate "2015.05.01"]

1. Nf3 Nf6 2. g3 c5 3. Bg2 g6 4. O-O Bg7 5. Nc3 Nc6 6. e4 d6 7. d4 cxd4 8. Nxd4
Bd7 9. Nb3 O-O 10. h3 Rc8 11. Re1 a6 12. a4 Nb4 13. Be3 b6 14. Kh2 Qc7 15. Qd2
Qb8 16. Rac1 Rxc3 17. bxc3 Na2 18. Ra1 Nxc3 19. Bd4 Nxa4 20. e5 dxe5 21. Bxe5
Qc8 22. Rad1 Bc6 23. f4 Bxg2 24. Qxg2 e6 25. Nd4 Nd5 26. c4 Qxc4 27. Bxg7 Kxg7
28. Re4 Qc3 29. Nxe6+ fxe6 30. Rxa4 Ne3 31. Rd7+ Kg8 32. Qe2 a5 33. Rad4 Re8
34. Rd3 1-0

[Event "Team men HL chess"]
[Site "?"]
[Date "2015.05.05"]
[Round "5.9"]
[White "Smirnov, Alexey"]
[Black "Tukhaev, Adam"]
[Result "0-1"]
[WhiteElo "2482"]
[BlackElo "2544"]
[PlyCount "56"]
[EventDate "2015.05.01"]

1. Nf3 d5 2. d4 c6 3. c4 e6 4. Nc3 dxc4 5. g3 Nf6 6. Bg2 b5 7. O-O Bb7 8. e4
Nbd7 9. e5 Nd5 10. Ng5 h6 11. Nxe6 fxe6 12. Qh5+ Ke7 13. Ne4 Qe8 14. Bg5+ N7f6
15. Qh3 hxg5 16. exf6+ gxf6 17. Qxh8 Qg6 18. Nc5 Bg7 19. Be4 f5 20. Qh3 fxe4
21. Rae1 Bxd4 22. Nxe4 g4 23. Qh4+ Kd7 24. Ng5 Bf6 25. Qxg4 Qxg5 26. Qxe6+ Kc7
27. Qf7+ Kb6 28. a4 Nf4 0-1

[Event "Team men HL chess"]
[Site "?"]
[Date "2015.05.05"]
[Round "5.9"]
[White "Yandarbiev, Ruslan"]
[Black "Pakhomov, Alexey"]
[Result "1-0"]
[WhiteElo "2334"]
[BlackElo "2362"]
[PlyCount "81"]
[EventDate "2015.05.01"]

1. e4 d5 2. exd5 Qxd5 3. Nc3 Qa5 4. d4 Nf6 5. Bd2 Bg4 6. f3 Bf5 7. Bc4 c6 8.
Nge2 e6 9. g4 Bg6 10. h4 h6 11. Nf4 Bh7 12. Qe2 Bb4 13. O-O-O Nbd7 14. g5 Nd5
15. Bxd5 cxd5 16. g6 O-O-O 17. gxh7 Nb6 18. Qb5 Nc4 19. Qxa5 Bxa5 20. Nfe2 Rxh7
21. Bf4 a6 22. Na4 Bc7 23. b3 Nd6 24. h5 b6 25. Rhg1 Kb7 26. Nb2 Rc8 27. Nd3
Bb8 28. Bxd6 Bxd6 29. Ne5 Rc7 30. f4 Rh8 31. Rxg7 Rhc8 32. c3 b5 33. Kb2 a5 34.
Rc1 Kb6 35. a3 b4 36. cxb4 axb4 37. a4 Rxc1 38. Nxc1 f6 39. Ned3 Rf8 40. Rg6
Be7 41. Rxh6 1-0

[Event "Team men HL chess"]
[Site "?"]
[Date "2015.05.05"]
[Round "5.9"]
[White "Draganov, Ruslan"]
[Black "Bimiev, Ahmad"]
[Result "1-0"]
[WhiteElo "2193"]
[BlackElo "1996"]
[PlyCount "93"]
[EventDate "2015.05.01"]

1. d4 Nf6 2. Nf3 g6 3. c4 Bg7 4. Nc3 d5 5. cxd5 Nxd5 6. Bd2 Nb6 7. e3 O-O 8.
Be2 Be6 9. O-O Bc4 10. Rc1 Nc6 11. Ne4 Bxe2 12. Qxe2 e6 13. Nc5 Qc8 14. b4 Nd7
15. b5 Ne7 16. e4 Nxc5 17. Rxc5 Qd7 18. Rfc1 Rfc8 19. Bg5 f6 20. Be3 c6 21. Bf4
g5 22. Bg3 g4 23. Nh4 Qxd4 24. Qxg4 f5 25. Qg5 Qf6 26. Qxf6 Bxf6 27. bxc6 Rxc6
28. exf5 Rxc5 29. Rxc5 Bxh4 30. Bxh4 Nxf5 31. Bg5 Rf8 32. g4 Ng7 33. Be7 Rf4
34. Rc8+ Kf7 35. Rf8+ Kxe7 36. Rxf4 Ne8 37. g5 Nd6 38. Rh4 a5 39. Rxh7+ Ke8 40.
g6 Kf8 41. h4 b5 42. h5 Nf5 43. h6 Kg8 44. Ra7 Nxh6 45. Rxa5 Kg7 46. Rxb5 Kxg6
47. a4 1-0

[Event "Team men HL chess"]
[Site "?"]
[Date "2015.05.05"]
[Round "5.9"]
[White "Movldiev, Ibragim"]
[Black "Romanenkov, Aleksandr"]
[Result "0-1"]
[WhiteElo "2054"]
[BlackElo "2123"]
[PlyCount "64"]
[EventDate "2015.05.01"]

1. Nf3 c5 2. e4 e6 3. d4 cxd4 4. Nxd4 Nf6 5. Nc3 Bb4 6. e5 Nd5 7. Qg4 O-O 8.
Bh6 g6 9. Bxf8 Qxf8 10. Bd3 Nxc3 11. a3 Ba5 12. Nb3 Bc7 13. bxc3 Bxe5 14. O-O
Bxc3 15. Rad1 d5 16. h4 Nc6 17. f4 Bg7 18. Qg3 Qxa3 19. h5 Qd6 20. Qg4 Qb4 21.
Qg3 a5 22. f5 exf5 23. h6 Be5 24. Qf3 Be6 25. Rfe1 Qh4 26. Qh3 Qxh3 27. gxh3 a4
28. Na1 Bf4 29. Bb5 Bxh6 30. Rd3 Ra5 31. Rb1 Bf8 32. c3 Na7 0-1

[Event "Team men HL chess"]
[Site "?"]
[Date "2015.05.05"]
[Round "5.10"]
[White "Belov, Igor"]
[Black "Potapov, Alexey"]
[Result "0-1"]
[WhiteElo "2407"]
[BlackElo "2390"]
[PlyCount "82"]
[EventDate "2015.05.01"]

1. Nf3 Nf6 2. c4 d6 3. d4 g6 4. Nc3 Bg7 5. e4 Bg4 6. Be2 Nfd7 7. Be3 c5 8. d5
Bxf3 9. Bxf3 O-O 10. O-O Na6 11. Qd2 Re8 12. Be2 Nc7 13. Bg5 Qb8 14. Rfe1 a6
15. a4 b6 16. Bf1 e6 17. h3 Qb7 18. Rad1 e5 19. Bd3 f6 20. Be3 Re7 21. Qc2 Qb8
22. g3 Qf8 23. f4 Bh6 24. Re2 Rae8 25. Rde1 Kh8 26. Bc1 exf4 27. gxf4 g5 28. e5
gxf4 29. exd6 Rg7+ 30. Kh1 Rxe2 31. Qxe2 Qxd6 32. Qh5 Ne5 33. Bf5 Qf8 34. d6
Ne8 35. d7 Nd6 36. Qxh6 Nxf5 37. Qxf4 Ng3+ 38. Kh2 Nxd7 39. Re6 Nh5 40. Qd6 Qg8
41. Re2 Ne5 0-1

[Event "Team men HL chess"]
[Site "?"]
[Date "2015.05.05"]
[Round "5.10"]
[White "Benza, Artem"]
[Black "Skomorokhin, Roman"]
[Result "1-0"]
[WhiteElo "2369"]
[BlackElo "2376"]
[PlyCount "87"]
[EventDate "2015.05.01"]

1. e4 e6 2. Nf3 d5 3. Nc3 d4 4. Ne2 c5 5. c3 Nf6 6. Ng3 a6 7. cxd4 cxd4 8. Bc4
Nc6 9. O-O Be7 10. d3 h5 11. a3 h4 12. Ne2 Qd6 13. h3 Nd7 14. b4 e5 15. Qb3 Nd8
16. Bg5 Nf8 17. Bxe7 Qxe7 18. Nd2 g5 19. f3 Ng6 20. b5 Be6 21. bxa6 Rxa6 22. a4
O-O 23. Rfb1 Rc6 24. Bxe6 Nxe6 25. Nc4 Nc5 26. Qa3 Qc7 27. Rb4 Kh7 28. a5 Rg8
29. Nb6 Nf4 30. Nxf4 gxf4 31. Rc4 Qe7 32. Ra2 Qd6 33. Rac2 Ne6 34. Qc1 Ng5 35.
Kh2 Qg6 36. Qe1 Rxc4 37. Nxc4 Qf6 38. Qxh4+ Kg6 39. Qg4 Rh8 40. Rb2 Rh4 41.
Qf5+ Qxf5 42. exf5+ Kxf5 43. Rxb7 Rh6 44. Nb6 1-0